| 000 | 00904nam a2200205Ia 4500 | ||
|---|---|---|---|
| 999 |
_c36407 _d36407 |
||
| 001 | 2321 | ||
| 003 | GE_BSU | ||
| 005 | 20190603142258.0 | ||
| 008 | 181216s2011||||ge |||||||||||||| ||geo|| | ||
| 040 | _cGE_BSU | ||
| 041 | _ageo | ||
| 080 | _a659(479.22) ს–32 | ||
| 245 |
_aსაქართველოს სარეკლამო ბაზარი / _b"საერთაშორისო გამჭვირვალობა - საქართველო". |
||
| 264 |
_aთბილისი, _b2011. |
||
| 300 |
_a459 გვ.: _b ილ. ; _c29 სმ. |
||
| 653 | _aრეკლამა საქართველოში | ||
| 653 | _aსარეკლამო ბიზნესი საქართველოში | ||
| 710 |
_a "საერთაშორისო გამჭვირვალობა - საქართველო" _91963 |
||
| 942 |
_cBK _2udc |
||